Online katalóg knižníc regiónu Turca

Vegetariánska kuchyňa 1 (Record no. 20288)

MARC details
000 -LEADER
fixed length control field 01906cam a2200541 a 4500
001 - CONTROL NUMBER
control field 20288
003 - CONTROL NUMBER IDENTIFIER
control field VRT
005 - DATE AND TIME OF LATEST TRANSACTION
control field 20260120154805.0
008 - FIXED-LENGTH DATA ELEMENTS--GENERAL INFORMATION
fixed length control field 250414s1992 xo ao 001 0 slo
015 ## - NATIONAL BIBLIOGRAPHY NUMBER
National bibliography number SNBA1992/04
020 ## - INTERNATIONAL STANDARD BOOK NUMBER
International Standard Book Number 8007004963
Qualifying information (viaz.)
035 ## - SYSTEM CONTROL NUMBER
System control number SNK000010325
035 ## - SYSTEM CONTROL NUMBER
System control number urn:nbn:sk:snk-am005ftb
035 ## - SYSTEM CONTROL NUMBER
System control number urn:nbn:sk:snk-amkr1l
039 #9 - LEVEL OF BIBLIOGRAPHIC CONTROL AND CODING DETAIL [OBSOLETE]
Level of rules in bibliographic description 202504141234
Level of effort used to assign nonsubject heading access points VLOAD
Level of effort used to assign subject headings 202410291119
Level of effort used to assign classification csnk20
Level of effort used to assign subject headings 202403151839
Level of effort used to assign classification VLOAD
Level of effort used to assign subject headings 202402261544
Level of effort used to assign classification VLOAD
040 ## - CATALOGING SOURCE
Original cataloging agency SNK
Language of cataloging slo
Transcribing agency SNK
Description conventions AACR2
041 1# - LANGUAGE CODE
Language code of text/sound track or separate title slo
Language code of original eng
044 ## - COUNTRY OF PUBLISHING/PRODUCING ENTITY CODE
MARC country code xo
ISO country code SK
080 ## - UNIVERSAL DECIMAL CLASSIFICATION NUMBER
Universal Decimal Classification number 641.564(083.12)
Edition identifier 1981
100 1# - MAIN ENTRY--PERSONAL NAME
Personal name Brown, Sarah,
Dates associated with a name 1952-
Relationship aut
240 10 - UNIFORM TITLE
Uniform title Sainsbury's Vegetarian Cookery
Language of a work Slovensky
245 10 - TITLE STATEMENT
Title Vegetariánska kuchyňa 1
Statement of responsibility, etc. Sarah Brown ... [et al.] ; [z anglického originálu preložili Emil Ginter a Anastázia Ginterová]
250 ## - EDITION STATEMENT
Edition statement 1. vyd.
260 ## - PUBLICATION, DISTRIBUTION, ETC.
Place of publication, distribution, etc. Bratislava
Name of publisher, distributor, etc. Príroda
Date of publication, distribution, etc. 1992
Place of manufacture Martin
Manufacturer Neografia
300 ## - PHYSICAL DESCRIPTION
Extent 145 s.
Other physical details fotogr., ilustr.
Dimensions 24 cm
504 ## - BIBLIOGRAPHY, ETC. NOTE
Bibliography, etc. note Reg.
700 1# - ADDED ENTRY--PERSONAL NAME
Personal name Brigdale, Martin
Relationship ill
700 1# - ADDED ENTRY--PERSONAL NAME
Personal name Burleigh, Ian
Relationship aut
700 1# - ADDED ENTRY--PERSONAL NAME
Personal name Duns, Alan
Relationship ill
700 1# - ADDED ENTRY--PERSONAL NAME
Personal name Ginter, Emil,
Dates associated with a name 1931-
Relationship trl
700 1# - ADDED ENTRY--PERSONAL NAME
Personal name Ginterová, Anastázia,
Dates associated with a name 1930-2008
Relationship trl
700 1# - ADDED ENTRY--PERSONAL NAME
Personal name Harris, Graeme Harris
Relationship ill
700 1# - ADDED ENTRY--PERSONAL NAME
Personal name Harrison, Lorraine
Relationship ill
700 1# - ADDED ENTRY--PERSONAL NAME
Personal name Imro, Igor,
Dates associated with a name 1943-
Relationship ill
700 1# - ADDED ENTRY--PERSONAL NAME
Personal name Masselin, Roselyne
Relationship aut
700 1# - ADDED ENTRY--PERSONAL NAME
Personal name Miller, Graham
Relationship ill
700 1# - ADDED ENTRY--PERSONAL NAME
Personal name O'Leary, Ian
Relationship ill
700 1# - ADDED ENTRY--PERSONAL NAME
Personal name Smith, Christine
Relationship aut
700 1# - ADDED ENTRY--PERSONAL NAME
Personal name Stebbings, Charlie
Relationship ill
700 1# - ADDED ENTRY--PERSONAL NAME
Personal name Streeter, Clive
Relationship ill
942 ## - ADDED ENTRY ELEMENTS (KOHA)
Source of classification or shelving scheme Dewey Decimal Classification
Koha item type Odborná literatúra pre dospelých
Suppress in OPAC No
949 ## - LOCAL PROCESSING INFORMATION (OCLC)
6 17A0060750
9 P60, <04>, [BOOK], {604}
a snkSC 81347/1 D1
b snkKSP 2308/92
s 6100:20140925
949 ## - LOCAL PROCESSING INFORMATION (OCLC)
6 17A0983080
a snkSC 81347/1
949 ## - LOCAL PROCESSING INFORMATION (OCLC)
6 270001000032646
a svkbbB 25803
p 567.189
949 ## - LOCAL PROCESSING INFORMATION (OCLC)
6 273K0170863
a svkpoB 60917/I
b svkpo379842
o PV 1236/92
Holdings
Stav vyradenia Strata Poškodenie Spôsob nadobudnutia Domovská knižnica Aktuálna knižnica Dátum nadobudnutia Total checkouts Čiarový kód exemplára Date last seen Typ exemplára
      Dar Obecná knižnica Horná Štubňa Obecná knižnica Horná Štubňa 20.01.2026   9788007004962 20.01.2026 Odborná literatúra pre dospelých
Projekt je podporený Slovenskou asociáciou knižníc
Prevádzkuje Turčianska knižnica Martin 2026